000 00743nam a2200289Ia 4500
005 20260324145536.0
008 008 260324s9999 xx 000 0 eng d
020 _a9781351071956
037 _aEBOOK
040 _aCRL
040 _beng
040 _cCRL
041 _2eng
041 _aeng
084 _qCRL
100 _aAdrian L. Linch
_91223326
245 0 _aEvaluation Ambient Air Quality By Personnel Monitoring
245 0 _bVolume 2 : Aerosols, Monitor Pumps, Calibration, and Quality Control
260 _bTaylor and Francis
260 _c1981
365 _a
365 _b465
856 _uhttp://www.taylorfrancis.com/books/9781351071956
942 _cEBOOK
999 _c1831388
_d1831388